Diane Arbus (Record no. 15403)

MARC details
000 -LEADER
campo de control de longitud fija 00745nam a2200253 i 4500
001 - NÚMERO DE CONTROL
campo de control 15403
003 - IDENTIFICADOR DE NÚMERO DE CONTROL
campo de control ES-MaACL
005 - FECHA Y HORA DE LA ÚLTIMA TRANSACCIÓN
campo de control 20230906151050.0
007 - CAMPO FIJO DE DESCRIPCIÓN FÍSICA--INFORMACIÓN GENERAL
campo de control de longitud fija t|
008 - DATOS DE LONGITUD FIJA--INFORMACIÓN GENERAL
campo de control de longitud fija 000302s1999 sp ||||1| spa d
020 ## - NÚMERO INTERNACIONAL ESTÁNDAR DEL LIBRO
Número Internacional Estándar del Libro 84-7765-169-8
080 ## - NÚMERO DE LA CLASIFICACIÓN DECIMAL UNIVERSAL
Número de la Clasificación Decimal Universal 929 Arbus, Diana
100 1# - ENTRADA PRINCIPAL--NOMBRE DE PERSONA
Nombre de persona Bosworth, Patricia.
9 (RLIN) 30732
245 10 - MENCIÓN DEL TÍTULO
Título Diane Arbus
Resto del título : una biografía /
Mención de responsabilidad, etc. Patricia Bosworth ; traducción de Beatriz López-Buisán.
250 ## - MENCION DE EDICION
Mención de edición 1ª ed.
260 ## - PUBLICACIÓN, DISTRIBUCIÓN, ETC.
Lugar de publicación, distribución, etc. Barcelona :
Nombre del editor, distribuidor, etc. Circe,
Fecha de publicación, distribución, etc. 1999.
300 ## - DESCRIPCIÓN FÍSICA
Extensión 352 p. ;
Dimensiones 24 cm.
490 1# - MENCIÓN DE SERIE
Mención de serie Biografía Circe
600 14 - PUNTO DE ACCESO ADICIONAL DE MATERIA--NOMBRE DE PERSONA
Nombre de persona Arbus, Diane.
9 (RLIN) 22427
700 1# - ENTRADA AGREGADA--NOMBRE PERSONAL
Nombre de persona López-Buisán, Beatriz.
9 (RLIN) 73472
830 0# - PUNTO DE ACCESO ADICIONAL DE SERIE-TÍTULO UNIFORME
Título uniforme Biografía Circe
9 (RLIN) 178398
852 ## - LOCALIZACIÓN
Ubicación ES-MaACL
Número de control de estantería L-22494
Sublocalización o colección R.127917
Holdings
Estatus retirado Estado de pérdida Estado de daño No para préstamo Biblioteca de origen Biblioteca actual Ubicación en estantería Fecha de adquisición Fuente de adquisición Total de préstamos Signatura topográfica completa Código de barras Visto por última vez Precio de reemplazo Tipo de ítem Koha
        Biblioteca del Ateneo de Madrid Biblioteca del Ateneo de Madrid Depósito 2 17/01/2008     L-22494 1015660 23/02/2023 23/02/2023 Libro impreso